| 000 | 00708nam a22002175i 4500 | ||
|---|---|---|---|
| 001 | 159701 | ||
| 003 | ES-MaACL | ||
| 005 | 20230906211736.0 | ||
| 008 | 940301s1850 gw |||| | eng d | ||
| 100 | 1 |
_aMilton, John ( _d1608-1674) _981300 |
|
| 245 | 1 | 4 |
_aThe poetical works of John Milton : _bParadise lost ; Paradise regained. |
| 260 |
_aLeipzig : _bBernhard Tauchnitz, _c1850. |
||
| 300 |
_aVI, 358 p. ; _c16 cm. |
||
| 490 | 1 |
_aCollection of british authors ; _v194 |
|
| 740 | 0 | 2 | _aParadise lost. |
| 740 | 0 | 2 | _aParadise regained. |
| 752 |
_aAlemania - _dLeipzig |
||
| 830 | 1 |
_aCollection of british authors ; _v194 _9180703 |
|
| 852 |
_aES-MaACL _jG-12659 _z- Enc. hol. |
||
| 999 |
_c159701 _d159701 |
||